<?xml version="1.0" encoding="UTF-8"?>
<record
    xmlns:xsi="http://www.w3.org/2001/XMLSchema-instance"
    xsi:schemaLocation="http://www.loc.gov/MARC21/slim http://www.loc.gov/standards/marcxml/schema/MARC21slim.xsd"
    xmlns="http://www.loc.gov/MARC21/slim">

  <leader>01532nam a2200205 a 4500</leader>
  <controlfield tag="008">161216e2001    ag ||||g |||| 000 1 spa d</controlfield>
  <datafield tag="020" ind1=" " ind2=" ">
    <subfield code="a">950042262X</subfield>
  </datafield>
  <datafield tag="041" ind1=" " ind2=" ">
    <subfield code="a">spa</subfield>
  </datafield>
  <datafield tag="092" ind1=" " ind2=" ">
    <subfield code="c">808</subfield>
    <subfield code="l">22</subfield>
    <subfield code="s">ERM</subfield>
  </datafield>
  <datafield tag="100" ind1="1" ind2=" ">
    <subfield code="a">Ermelino, Louisa</subfield>
    <subfield code="9">3945</subfield>
  </datafield>
  <datafield tag="245" ind1=" " ind2="3">
    <subfield code="a">La virgen negra /</subfield>
    <subfield code="c">Louisa Ermelino</subfield>
  </datafield>
  <datafield tag="250" ind1=" " ind2=" ">
    <subfield code="a">1a ed.</subfield>
    <subfield code="b">Traducci&#xF3;n Santiago Llach</subfield>
  </datafield>
  <datafield tag="260" ind1=" " ind2=" ">
    <subfield code="a">Buenos Aires:</subfield>
    <subfield code="b">Emec&#xE9;;</subfield>
    <subfield code="c">2001.</subfield>
  </datafield>
  <datafield tag="300" ind1=" " ind2=" ">
    <subfield code="a">232 p.</subfield>
    <subfield code="c">23x15 cm.</subfield>
  </datafield>
  <datafield tag="500" ind1=" " ind2=" ">
    <subfield code="a">Ermelino, L. (2001). La virgen negra. (1a ed.). Buenos Aires : Emec&#xE9;.</subfield>
  </datafield>
  <datafield tag="505" ind1=" " ind2=" ">
    <subfield code="a">La virgen negra protegi&#xF3; siempre a los habitantes de las monta&#xF1;as del sur de Italia, y algunos dicen que ha seguido a su gente, a trav&#xE9;s del mar, hasta Am&#xE9;rica. &#xBF;Qu&#xE9; otra cosa puede explicar la magia y los milagros de la calle Spring? Teresa, cuyo hijo sufri&#xF3; un accidente que le impide caminar, tiene una estampa de la Virgen escondida entre su ropa. Magdalena logra que cualquier hombre se enamore de ella, incluido su hijastro, rezando secretamente ante la Imagen. Y Antoinette, quien despu&#xE9;s de poner un retrato de la virgen en su cocina, da a luz a Jumbo, el beb&#xE9; mas grande del vecindario. Sus personajes vibrantes y entra&#xF1;ables que disfrutan sus vidas, luchan contra la adversidad y transmiten la sabidur&#xED;a popular como si fuera una reliquia. La Virgen Negra es una novela que celebra las im&#xE1;genes, los sonidos, los olores y el humor de los inmigrantes italianos en Am&#xE9;rica. </subfield>
  </datafield>
  <datafield tag="590" ind1=" " ind2=" ">
    <subfield code="a">Proyecto 4to libro. Donaci&#xF3;n Victoria Lara, Mayo 2018.</subfield>
  </datafield>
  <datafield tag="655" ind1=" " ind2=" ">
    <subfield code="a">Literatura</subfield>
    <subfield code="9">2917</subfield>
  </datafield>
  <datafield tag="942" ind1=" " ind2=" ">
    <subfield code="2">ddc</subfield>
    <subfield code="c">LIT</subfield>
  </datafield>
  <datafield tag="999" ind1=" " ind2=" ">
    <subfield code="c">2781</subfield>
    <subfield code="d">2781</subfield>
  </datafield>
  <datafield tag="952" ind1=" " ind2=" ">
    <subfield code="0">0</subfield>
    <subfield code="1">0</subfield>
    <subfield code="2">ddc</subfield>
    <subfield code="4">0</subfield>
    <subfield code="7">0</subfield>
    <subfield code="a">BFM</subfield>
    <subfield code="b">BFM</subfield>
    <subfield code="c">CR</subfield>
    <subfield code="d">2018-05-24</subfield>
    <subfield code="e">Donaci&#xF3;n Victoria Lara, mayo 2018</subfield>
    <subfield code="l">0</subfield>
    <subfield code="o">808 22 ERM</subfield>
    <subfield code="p">4295</subfield>
    <subfield code="r">2018-05-24</subfield>
    <subfield code="t">Ej. 1</subfield>
    <subfield code="w">2018-05-24</subfield>
    <subfield code="y">LIT</subfield>
    <subfield code="z">Proyecto 4to libro. Donaci&#xF3;n Victoria Lara, mayo 2018</subfield>
  </datafield>
</record>
